4 letter word pt.2 - Statistics

General Stats
  • This quiz has been taken 18 times
  • The average score is 23 of 24
Answer Stats
Hint Answer % Correct
Amen Amen
100%
Dove Dove
100%
Food Food
100%
Glue Glue
100%
Hunt Hunt
100%
Hype Hype
100%
Live Live
100%
Lung Lung
100%
Mask Mask
100%
Moon Moon
100%
Save Save
100%
Vest Vest
100%
When When
100%
Four Four
94%
Game Game
94%
Pain Pain
94%
Read Read
94%
Army Army
88%
Bear Bear
88%
Disc Disc
88%
Fire Fire
88%
Fund Fund
88%
Ward Ward
88%
Acid Acid
75%
No matching quizzes found
Score Distribution
Percent of People with Each Score
Percentile by Number Answered
Your Score History
You have not taken this quiz